We stood for freedom / (Record no. 191014)
[ view plain ]
| 000 -LEADER | |
|---|---|
| fixed length control field | 00372 a2200157 4500 |
| 003 - CONTROL NUMBER IDENTIFIER | |
| control field | Nust |
| 005 - DATE AND TIME OF LATEST TRANSACTION | |
| control field | 20230331091140.0 |
| 040 ## - CATALOGING SOURCE | |
| Transcribing agency | Nust |
| 082 ## - DEWEY DECIMAL CLASSIFICATION NUMBER | |
| Classification number | 808.83,MOR |
| 100 ## - MAIN ENTRY--PERSONAL NAME | |
| Personal name | Morley, Iris |
| 9 (RLIN) | 111619 |
| 245 ## - TITLE STATEMENT | |
| Title | We stood for freedom / |
| Statement of responsibility, etc. | Iris Morley, |
| 260 ## - PUBLICATION, DISTRIBUTION, ETC. | |
| Place of publication, distribution, etc. | Peter Davies |
| Name of publisher, distributor, etc. | London |
| Date of publication, distribution, etc. | 1941 |
| 300 ## - PHYSICAL DESCRIPTION | |
| Extent | 313 p |
| 650 ## - SUBJECT ADDED ENTRY--TOPICAL TERM | |
| Topical term or geographic name entry element | Dram |
| 9 (RLIN) | 111620 |
| 942 ## - ADDED ENTRY ELEMENTS (KOHA) | |
| Source of classification or shelving scheme | |
| Koha item type | Book |
| Call number prefix | 808.83,MOR |
| Withdrawn status | Lost status | Source of classification or shelving scheme | Damaged status | Not for loan | Permanent Location | Current Location | Shelving location | Date acquired | Full call number | Barcode | Date last seen | Price effective from | Koha item type | Public note |
|---|---|---|---|---|---|---|---|---|---|---|---|---|---|---|
| Military College of Signals (MCS) | Military College of Signals (MCS) | Fiction | 12/12/2016 | 808.83,MOR | MCS29827 | 12/08/2016 | 12/12/2016 | Book | Almirh No 75, Shelf No 4 |
